Statistics for Sports By Pictures

Click here to take the quiz!

General Stats

  • This quiz has been taken 1,596 times
    (1,492 since last reset)
  • The average score is 11 of 12

Answer Stats

Answer% Correct
Basketball
98%
Football
98%
Golf
98%
Tennis
98%
Boxing
97%
Chess
97%
Archery
91%
Wrestling
91%
Cricket
90%
Diving
90%
Cycling
87%
Hockey
84%

Score Distribution

Percentile by Number Answered

Percent of People with Each Score

Your Score History

You have not taken this quiz since the last reset